[Event "IECG CE.2002.0.00040 email"]
[Site "IECG email"]
[Date "2002.11.06"]
[Round "?"]
[White "Fernandes, Fabio da Silva P"]
[Black "Danelishen, Gary"]
[Result "1-0"]
[WhiteElo "1340"]
[BlackElo "1298"]
[PlyCount "49"]
[EventDate "2002.11.06"]
[EventType "tourn (corr)"]
[EventRounds "6"]
[SourceTitle "Corr 2008"]
[Source "ChessBase"]
[SourceDate "2008.06.24"]
[SourceVersion "1"]
[SourceVersionDate "2008.06.24"]
[SourceQuality "1"]

1. e4 Nf6 2. e5 Nd5 3. d4 d6 4. Nf3 g6 5. Bc4 Nb6 6. Bb3 Bg7 7. Ng5 e6 8. Qf3 Qe7 9. Ne4 dxe5 10. Bg5 Qb4+ 11. c3 Qb5 12. Bf6 0-0 13. Bxg7 Kxg7 14. Qf6+ Kg8 15. Qxe5 Qxe5 16. dxe5 N8d7 17. f4 h5 18. g3 Nd5 19. Na3 a6 20. 0-0-0 b5 21. Bxd5 exd5 22. Rxd5 f5 23. Nc5 Nxc5 24. Rxc5 Rf7 25. Rd1 1-0

[Event "IECG CE.2002.0.00040 email"]
[Site "IECG email"]
[Date "2002.11.06"]
[Round "?"]
[White "Sperrer, Reinhard"]
[Black "Danelishen, Gary"]
[Result "1/2-1/2"]
[WhiteElo "1270"]
[BlackElo "1298"]
[PlyCount "43"]
[EventDate "2002.11.06"]
[EventType "tourn (corr)"]
[EventRounds "6"]
[SourceTitle "Corr 2008"]
[Source "ChessBase"]
[SourceDate "2008.06.24"]
[SourceVersion "1"]
[SourceVersionDate "2008.06.24"]
[SourceQuality "1"]

1. c4 Nf6 2. Nc3 g6 3. d4 Bg7 4. e4 d6 5. Nf3 e5 6. Be2 0-0 7. dxe5 dxe5 8. 0-0 c6 9. Qxd8 Rxd8 10. Bg5 Re8 11. Rad1 Na6 12. Rd6 Be6 13. Nxe5 Nc5 14. f3 Nfxe4 15. Nxe4 Nxe4 16. fxe4 Bxe5 17. Rd2 f6 18. Bxf6 Bxf6 19. Rxf6 Kg7 20. e5 Bf5 21. Rfd6 Rxe5 22. Bd3 1/2-1/2

[Event "IECG TG.2002.0.14696"]
[Site "IECG email"]
[Date "2002.??.??"]
[Round "2"]
[White "Hall, Roland"]
[Black "Danelishen, Gary"]
[Result "1/2-1/2"]
[WhiteElo "1183"]
[BlackElo "1298"]
[PlyCount "46"]
[EventDate "2002.??.??"]
[EventType "match (corr)"]
[EventRounds "2"]
[SourceTitle "Corr 2008"]
[Source "ChessBase"]
[SourceDate "2008.06.24"]
[SourceVersion "1"]
[SourceVersionDate "2008.06.24"]
[SourceQuality "1"]

1. e4 e5 2. Nf3 Nc6 3. Bb5 a6 4. Ba4 Nf6 5. 0-0 b5 6. Bb3 Bb7 7. c3 Nxe4 8. d4 Be7 9. Re1 d5 10. dxe5 Na5 11. Bc2 0-0 12. Nbd2 Nxd2 13. Qxd2 Nc4 14. Qd3 g6 15. a4 b4 16. b3 Na3 17. Bd1 a5 18. e6 f5 19. Bh6 Re8 20. Rc1 d4 21. Qxd4 Bf6 22. Qxd8 Raxd8 23. cxb4 axb4 1/2-1/2